LIBRARY & INFORMATION CENTRE, KCAET, TAVANUR

ONLINE PUBLIC ACCESS CATALOGUE (OPAC)

Economic for Engineers (Record no. 11177)

MARC details
000 -LEADER
fixed length control field 00422cam a2200181ua 4500
041 ## - LANGUAGE CODE
Language code of text/sound track or separate title eng
082 ## - DEWEY DECIMAL CLASSIFICATION NUMBER
Classification number 330.0162
Item number AMI/EC
100 ## - MAIN ENTRY--AUTHOR NAME
Personal name R.K. Amin, Amin .
245 ## - TITLE STATEMENT
Title Economic for Engineers
250 ## - EDITION STATEMENT
Edition statement 1 /
260 ## - PUBLICATION, DISTRIBUTION, ETC. (IMPRINT)
Place of publication India :
Name of publisher Charactor book stall, anad India ,
Year of publication 1963.
300 ## - PHYSICAL DESCRIPTION
Number of Pages 412 ; .
942 ## - ADDED ENTRY ELEMENTS (KOHA)
Koha item type Books
Holdings
Withdrawn status Lost status Damaged status Home library Current library Date acquired Full call number Accession Number Koha item type
      KAUAET KAUAET 07/04/2012 330.0162 10473  
free website counter